| 000 | 00741cam a2200193 4500 | ||
|---|---|---|---|
| 001 | WS114079 | ||
| 008 | 010813n 000 0 eng u | ||
| 035 | _a(Sirsi) u114079 | ||
| 110 |
_aConstruction Products Association _94104 |
||
| 245 |
_aConstruction Products Association _bCPA _h[electronic resource] |
||
| 520 | _aWebsite for this organisation which represents the UK's producers and distributors of construction products, components and fittings. | ||
| 650 | _aSTATISTICS | ||
| 650 | _aFORECASTS | ||
| 650 | _aTRENDS | ||
| 650 | _aECONOMICS | ||
| 690 | _aBUILT ENVIRONMENT-BUILDING MATERIALS | ||
| 856 | 4 | 0 |
_uhttps://www.constructionproducts.org.uk/ _zView the website free of charge at www.constructionproducts.org.uk |
| 942 | _n0 | ||
| 999 |
_c119815 _d119815 |
||